| 000 | 00648nam a22002177a 4500 | ||
|---|---|---|---|
| 005 | 20241127155548.0 | ||
| 010 | _aENG-142139 ENG-142290 ENG-142659 | ||
| 020 |
_a9789357943383 _c395.00 |
||
| 020 |
_a9789357943383 _c350.00 |
||
| 035 | _aEN-125671 | ||
| 035 | _aEN-126191 | ||
| 035 | _aEN-125822 | ||
| 037 | _bDBAD | ||
| 082 | _a823.912 | ||
| 100 |
_aOrwell, George _974156 |
||
| 245 |
_a1984: _bOrwell's Dystopian Classic/ _cby George Orwell |
||
| 260 |
_aNew Delhi _bV & S Publishers _c2024 |
||
| 270 |
_aF-2/16, Ansari Rd, Daryaganj, _bNew Delhi _e110002 |
||
| 300 |
_a264p.: _c21cm(pb) |
||
| 942 |
_2ddc _cEN _h823.912 _mORW |
||
| 999 |
_c206368 _d206368 |
||